Tâm lý học quản trị kinh doanh

Sách giới thiệu với bạn đọc một số kiến thức tâm lý học về cá nhân, về các hiện tượng tâm lý xã hội trong tập thể, về người lãnh đạo...trong hoạt động quản trị kinh doanh để tham khảo.

Enregistré dans:
Détails bibliographiques
Auteur principal: Nguyễn Thị Thu Hiền
Format: Livre
Langue:Vietnamese
Publié: Tp. Hồ Chí Minh Thống kê 2000
Sujets:
Tags: Ajouter un tag
Pas de tags, Soyez le premier à ajouter un tag!
Thư viện lưu trữ: Thư viện Trường Đại học Nam Cần Thơ
LEADER 01024nam a22001937a 4500
001 NCT_43994
008 180706b xxu||||| |||| 00| 0 vie d
999 |c 2109  |d 2109 
020 |c 22000 
082 0 4 |2 23rd ed.  |a 658.001  |b H305 
100 1 |a Nguyễn Thị Thu Hiền 
245 1 0 |a Tâm lý học quản trị kinh doanh  |c Nguyễn Thị Thu Hiền 
260 |a Tp. Hồ Chí Minh  |b Thống kê  |c 2000 
300 |a 237tr.  |c 20cm 
520 3 |a Sách giới thiệu với bạn đọc một số kiến thức tâm lý học về cá nhân, về các hiện tượng tâm lý xã hội trong tập thể, về người lãnh đạo...trong hoạt động quản trị kinh doanh để tham khảo. 
653 |a Quản trị kinh doanh 
942 |2 ddc  |c BK 
952 |0 0  |1 0  |2 ddc  |4 0  |6 658_001000000000000_H305  |7 0  |9 12000  |a 000001  |b 000001  |d 2018-07-06  |o 658.001 H305  |p MD.12238  |r 2019-08-20  |v 22000.00  |w 2018-07-06  |y BK 
980 |a Thư viện Trường Đại học Nam Cần Thơ